| 000 | 00717nam a2200229Ia 4500 | ||
|---|---|---|---|
| 008 | 191130s2008##################000#0#eng## | ||
| 020 | _a9780745626147 | ||
| 040 |
_aACL _cACL |
||
| 082 | _a320 HAR | ||
| 100 | _aHart, Jonathan Locke | ||
| 245 |
_aEmpires and colonies _cJonathan Locke Hart |
||
| 260 |
_aCambridge ; Malden, Mass _bPolity _cc2008 |
||
| 300 | _aix, 387 p. ; 23 cm | ||
| 500 | _aIncludes bibliographical references and index | ||
| 650 | _aEurope -- Colonies -- History | ||
| 650 | _aEurope -- Territorial expansion -- History | ||
| 650 | _aImperialism -- History | ||
| 650 | _aImperialismo -- Historia | ||
| 990 | _a95cdb534ac10000c59e4be673da37352 | ||
| 991 | _a207245 | ||
| 999 |
_c160079 _d160079 |
||